000 00723nam a2200253Ia 4500
003 OSt
005 20221007075942.0
006 a|||||r|||| 00| 0
007 ta
008 221006b |||||||| |||| 00| 0 eng d
020 _a9781483317014
024 _a45,646
037 _cTextual
040 _aFLL
_cFLL
_beng
041 _2eng
_aeng
082 _aZ73,8, Q6
100 _aBanks Christopher P.
_9694429
245 0 _aJudicial process
_b Law, courts, and judicial politics
260 _aNew Delhi
_bSAGE India
_c2016
300 _axvi,379p.
_ccm.
700 _a O'Brien David M.
_9456673
942 _hZ73,8, Q6
_cTEXL
_2CC
999 _c1157925
_d1157925